000 00624nam a2200229Ia 4500
005 20250508164556.0
008 008 250505s9999 xx 000 0 eng d
037 _aTextual
040 _aFEDL
_beng
_cFEDL
041 _aeng
_2eng
084 _a372, LOW
_qFEDL
100 _aLowe Roy Ed.
_9597214
245 0 _aChanging primary school
260 _aLondon, UK
_bThe Falmer Press
_c1987
300 _aix,237p.
365 _aGBP
_b9.95
490 _aContemporary analysis in education series
546 _aMACESE
650 _aPrimary education
942 _cTEXL
_h372, LOW
999 _c1389893
_d1389893